10 państw najbliżej Słowacji - Statystyki

Ogólne statystyki
  • Ten quiz został rozwiązany 52 razy
  • Średni wynik to 10 z 10
Statystyki odpowiedzi
km Państwo % Poprawnych
0 Polska
100%
0 Czechy
98%
0 Ukraina
98%
0 Austria
96%
69 Rumunia
96%
0 Węgry
96%
305 Niemcy
94%
142 Słowenia
94%
171 Chorwacja
92%
198 Serbia
90%
Nie znaleziono quizów pasujących do podanych kryteriów
Rozkład punktacji
Procent ludzi z każdym wynikiem
Percentyl według liczby udzielonych odpowiedzi
Twoja historia wyników
Nie rozwiązałeś tego quizu